000 00375nam a2200157Ia 4500
008 151213s9999 xx 000 0 und d
100 _aJeff Madura
245 _aInternational Financial Management
_cJeff Madura
250 _a6th
260 _aBoston
_bAsian Books
300 _a1408 p.
650 _aFinance
650 _aFinance
700 _aJeff Madura
999 _c1117
_d1117